| 000 | 01260nam a22002417a 4500 | ||
|---|---|---|---|
| 005 | 20110118141135.0 | ||
| 008 | 110118t xxu||||| |||| 00| 0 hin d | ||
| 010 | _aHIN-91521 | ||
| 020 |
_a9788171247349 _c250.00 |
||
| 035 | _aHN-63867 | ||
| 037 | _bDBAD / PUB | ||
| 040 |
_aDPL _bHN |
||
| 082 | _a821.08 | ||
| 100 |
_aतिवारी, रामचन्द्र _925364 |
||
| 245 |
_aभारतीय व पाश्चात्य काव्यशास्त्र तथा हिन्दी-आलोचना / _cरामचन्द्र तिवारी |
||
| 246 |
_aBharatiya Vapashchatya kavyashastra tatha Hindi Alochana _bby Ramchandra Tiwari |
||
| 260 |
_aवाराणसी _bविश्वविद्यालय प्रकाशन _c2010 |
||
| 270 |
_aपो.बाँ 1149, विशालाक्षी भवन, चौक _bवाराणसी _e221001 _k0542- 2413741 _mvvp@vsnl.com |
||
| 300 |
_a299पृ _c22सेमी (सजिल्द) |
||
| 650 | _9697 | ||
| 942 |
_2ddc _cHN _mतिवारी _h821.08 |
||
| 999 |
_c49914 _d49914 |
||